Epic: The Musical - Odysseus - Statistics

General Stats
  • This quiz has been taken 127 times
  • The average score is 413 of 476
Answer Stats
Hint Answer % Correct
A
99%
I
97%
I...
97%
An
96%
ODYSSEUS For
96%
Is
96%
And
95%
Are
95%
Be
95%
Do
95%
MELANTHIUS Ha!
95%
He?
95%
He
95%
It,
95%
It!
95%
It
95%
King,
95%
King
95%
Long
95%
Ody-
95%
ENSEMBLE Odysseus...
95%
So
95%
The
95%
To
95%
SUITOR #10 | SUITOR #3 We
95%
Wife
95%
Wife!
95%
SUITOR #1 In
93%
Me,
93%
Me!
93%
ME!
93%
Me
93%
My
93%
Of
93%
SUITOR #7 Our
93%
Us
93%
Us,
93%
Weapons,
93%
Weapons
93%
SUITOR #5 | SUITORS Where
93%
You
93%
You!
93%
You,
93%
Don't
92%
Down,
92%
Down
92%
Down!
92%
Every
92%
Have
92%
Head
92%
Head,
92%
I've
92%
Palace
92%
Palace?
92%
Twenty
92%
Years
92%
Your
92%
All,
91%
All
91%
Come
91%
Fight!
91%
Fight
91%
Hear
91%
Hid
91%
Him
91%
Him,
91%
Him...
91%
Hurt
91%
SUITOR #4 No!
91%
No
91%
ODYSSEUS No.
91%
EURYMACHUS Old
91%
This
91%
Torches!
91%
Arm
89%
At
89%
Boy!
89%
Dead.
89%
He's
89%
Instead,
89%
Instead-
89%
Know
89%
Leader
89%
Left
89%
Missing!
89%
Own
89%
Think
89%
Aiming
88%
As
88%
Can
88%
Die!
88%
Enough...
88%
Had...
88%
Has
88%
Home.
88%
Let's
88%
Longer
88%
Mer-
88%
Merc-
88%
More
88%
Prince.
88%
Prince!
88%
Prince
88%
Son.
88%
Arms
86%
Blood
86%
Built
86%
Find
86%
His
86%
SUITORS Hold
86%
Kill
86%
ODYSSEUS Mercy?
86%
Mercy!?
86%
Mercy
86%
Now
86%
Open
86%
Planned
86%
Rest
86%
Room.
86%
Room
86%
They're
86%
Threat.
86%
Unknown.
86%
What?
86%
What
86%
Win.
86%
You've
86%
Dare
85%
Dare.
85%
Darkness
85%
Darkness.
85%
Died
85%
TELEMACHUS Get
85%
GET
85%
SUITOR #6 Keep
85%
Man
85%
Off
85%
OFF
85%
Rape
85%
Serpent's
85%
'Til
85%
Will
85%
Bring
84%
Fate
84%
Fate!
84%
Going
84%
That
84%
Understand
84%
Unlocked.
84%
Unlocked,
84%
Advantage,
82%
Attack
82%
Chance
82%
Chance!
82%
Plans
82%
Since
82%
Touch
82%
Using
82%
You're
82%
Back
81%
Fair.
81%
Forgive
81%
Hard
81%
I'll
81%
Inside
81%
Kings
81%
Like
81%
Numbers
81%
Shed.
81%
Suffered
81%
Than
81%
Troy.
81%
SUITOR #9 We're
81%
Were
81%
Wouldn't
81%
Believe
80%
MELANTHIUS Brothers,
80%
But
80%
Drowned.
80%
Gods
80%
Heart
80%
Hide
80%
If
80%
Mistake.
80%
Prepared.
80%
Spared.
80%
Stand!
80%
With
80%
You'll
80%
Young
80%
Assumed.
78%
Cunning
78%
Made
78%
Break
77%
Company,
77%
AMPHINOMUS Damn...
77%
Defeat
77%
Destroyed
77%
Family's
77%
Shadows
77%
Sharpest
77%
Trust
77%
Wanna
77%
While
77%
Worst
77%
Approaches.
76%
Around,
76%
Barely
76%
Comrades
76%
Filled
76%
Hate.
76%
Make
76%
Only
76%
Plotted
76%
Punishment
76%
Take.
76%
These
76%
Those
76%
MELANTHIUS After
74%
Archer.
74%
Busy
74%
Foe.
74%
Hands...
74%
Kids
74%
Obey
74%
Ours
74%
Pain.
74%
Still
74%
There's
74%
Against
73%
Armory
73%
Bastard
73%
Battle,
73%
From
73%
Rot.
73%
Screams
73%
Seeing
73%
Slain.
73%
Up
73%
We've
73%
MELANTHIUS Behind
72%
Doomed
72%
Greatest
72%
Halls,
72%
Monsters,
72%
Plotting,
72%
Wrath
72%
Yourselves,
72%
Deadly
70%
Done
70%
Empty
70%
Wrong.
70%
Edge
69%
Ensure
69%
Handed,
69%
Might.
69%
Sacked
69%
Command.
68%
Strike
68%
TELEMACHUS Throw
68%
MELANTHIUS Capture
66%
Presence
66%
Won't,
66%
Odds
65%
Very
65%
MELANTHIUS 'Cause
64%
Got
64%
Grave
64%
Heat
64%
SUITOR #2 Somewhere
64%
Agile,
62%
Tilted.
62%
Armed
59%
Lurks
59%
Who've
58%
Ourselves,
57%
Desecrated,
55%
TELEMACHUS Stop!
55%
No matching quizzes found
Score Distribution
Percent of People with Each Score
Percentile by Number Answered
Your Score History
You have not taken this quiz